00437nam a2200157Ia 4500008004100000082002000041100002200061245003300083250000600116260004000122300000700162600002200169630003300191700002200224730003300246151018s9999 xx 000 0 und d bRBASDV6821a530 aE.N. da C Andrade aPhysics for the Modern world b1 bEnglish Language book societyc1963 a98 aE.N. da C Andrade aPhysics for the Modern world aE.N. da C Andrade aPhysics for the Modern world